|
|
|
|
| LEADER |
00000nam0a2200000 4500 |
| 001 |
144074 |
| 005 |
20240812165506.0 |
| 035 |
|
|
|a (RuTPU)RU\TPU\book\156149
|
| 035 |
|
|
|a RU\TPU\book\30398
|
| 090 |
|
|
|a 144074
|
| 100 |
|
|
|a 20080929d1971 m y0rusy50 ca
|
| 101 |
1 |
|
|a rus
|c lat
|
| 102 |
|
|
|a RU
|
| 105 |
|
|
|a a 000ay
|
| 200 |
1 |
|
|a Буколики. Георгики. Энеида
|e пер. с лат
|f Вергилий Марон Публий
|g авт. предисл. С. Шервинский ; худож. Д. Бисти
|
| 210 |
|
|
|a Москва
|c Художественная литература
|d 1971
|
| 215 |
|
|
|a 448 с.
|
| 225 |
1 |
|
|a Библиотека всемирной литературы
|v Т. 6
|
| 225 |
1 |
|
|a Серия первая. Литература Древнего Востока, Античного мира, Средних веков, Возрождения, XVII и XVIII вв.
|v Античный мир
|
| 606 |
1 |
|
|a Римская литература
|9 88092
|
| 610 |
1 |
|
|a литература
|
| 610 |
1 |
|
|a Древний Рим
|
| 610 |
1 |
|
|a поэмы
|
| 610 |
1 |
|
|a Троянская война
|
| 610 |
1 |
|
|a песни
|
| 675 |
|
|
|a 87
|v 3
|
| 700 |
|
0 |
|a Вергилий Марон Публий
|c римский поэт
|f 70-19 до н.э.
|3 (RuTPU)RU\TPU\pers\4302
|9 921
|
| 702 |
|
1 |
|a Шервинский
|b С.
|4 080
|
| 702 |
|
1 |
|a Бисти
|b Д.
|4 440
|
| 801 |
|
0 |
|a RU
|b 63413507
|c 20011209
|g PSBO
|
| 801 |
|
1 |
|a RU
|b 63413507
|c 20080929
|g PSBO
|
| 801 |
|
2 |
|a RU
|b 63413507
|c 20100607
|g PSBO
|
| 942 |
|
|
|c BK
|